000 00781nam a2200241 i 4500
001 92085
003 ES-MaACL
005 20250825062630.0
007 t|
008 050221s1956 sp ||||1| spa d
080 _a087.5:398.2(358)
100 1 _aLázaro Ros, Amando.
_970807
245 0 0 _aLeyendas de Mesopotamia /
_cAmando Lázaro Ros ; ilustraciones de José Luis Pradera.
260 _aMadrid :
_bAguilar,
_c[1956]
300 _a94 p. :
_bil. col. ;
_c28 cm.
490 1 _aEl globo de colores. Mitos y leyendas
650 4 _aLeyendas-
_zMesopotamia.
_9173930
655 7 _aLibros infantiles
_2tgfbne
_9226786
700 1 _aPradera, José Luis.
_993592
830 1 _aEl globo de colores. Mitos y leyendas
_9184242
852 4 _aES-MaACL
_jC-11700
999 _c92085
_d92085